County Armagh Quiz - Statistics

General Stats
  • This quiz has been taken 10 times
  • The average score is 12 of 20
Answer Stats
Hint Answer % Correct
County town of Armagh Armagh
100%
Province that Armagh is in Ulster
100%
Bordering counties Down
90%
Bordering counties Tyrone
90%
Bordering counties Monaghan
80%
Nickname of Armagh The Orchard County
80%
High King of Ireland buried at Armagh Cathedral Brian Boru
70%
Lake covering the northern border of the county Lough Neagh
70%
Bordering counties Louth
70%
Armagh was raided by which people for the first time in 832 Vikings
70%
Astronomical research institution in the county town Armagh Observatory & Planetarium
60%
Swimmer who won Gold and Bronze medals for Ireland in the 2024 Olympics Daniel Wiffen
60%
Famous archeological site with modern visitor centre and lots of activities Navan Centre and Fort
50%
First ever First Minister of Northern Ireland (2007), also a minister of religion Rev. Ian Paisley
50%
The county town was officially awarded the status of city in which decade 1990s
40%
Famous greyhound who won the Waterloo Cup 3 times; owned by Charles Brownlow, 2nd Baron Lurgan, former Lord Lieutenant of Armagh Master McGrath
40%
SDLP politician and Deputy First Minister of Northern Ireland 1998-2001 Seamus Mallon
40%
Irish international rugby player and captain of Ulster; plays in lock position Iain Henderson
20%
Famous battle in Armagh which took place in 1598, during the Nine Years' War Battle of the Yellow Ford
10%
Pulitzer Prize winning poet; has been a professor at both Oxford and Princeton Universities Paul Muldoon
10%
No matching quizzes found
Score Distribution
Percent of People with Each Score
Percentile by Number Answered
Your Score History
You have not taken this quiz